<?xml version="1.0" encoding="UTF-8"?><?xml-stylesheet type="text/xsl" href="static/style.xsl"?><OAI-PMH xmlns="http://www.openarchives.org/OAI/2.0/" xmlns:xsi="http://www.w3.org/2001/XMLSchema-instance" xsi:schemaLocation="http://www.openarchives.org/OAI/2.0/ http://www.openarchives.org/OAI/2.0/OAI-PMH.xsd"><responseDate>2026-05-11T16:21:13Z</responseDate><request verb="GetRecord" identifier="oai:riubu.ubu.es:10259/10238" metadataPrefix="marc">https://riubu.ubu.es/oai/request</request><GetRecord><record><header><identifier>oai:riubu.ubu.es:10259/10238</identifier><datestamp>2025-02-19T01:05:27Z</datestamp><setSpec>com_10259_5827</setSpec><setSpec>com_10259_5086</setSpec><setSpec>com_10259_2604</setSpec><setSpec>col_10259_7955</setSpec></header><metadata><record xmlns="http://www.loc.gov/MARC21/slim" xmlns:doc="http://www.lyncode.com/xoai" xmlns:xsi="http://www.w3.org/2001/XMLSchema-instance" xmlns:dcterms="http://purl.org/dc/terms/" xsi:schemaLocation="http://www.loc.gov/MARC21/slim http://www.loc.gov/standards/marcxml/schema/MARC21slim.xsd">
<leader>00925njm 22002777a 4500</leader>
<datafield tag="042" ind1=" " ind2=" ">
<subfield code="a">dc</subfield>
</datafield>
<datafield tag="720" ind1=" " ind2=" ">
<subfield code="a">Gerardi, Gisela</subfield>
<subfield code="e">author</subfield>
</datafield>
<datafield tag="720" ind1=" " ind2=" ">
<subfield code="a">Cavia Saiz, Mónica</subfield>
<subfield code="e">author</subfield>
</datafield>
<datafield tag="720" ind1=" " ind2=" ">
<subfield code="a">Muñiz Rodríguez, Pilar</subfield>
<subfield code="e">author</subfield>
</datafield>
<datafield tag="720" ind1=" " ind2=" ">
<subfield code="a">López Gámez, Gloria</subfield>
<subfield code="e">author</subfield>
</datafield>
<datafield tag="720" ind1=" " ind2=" ">
<subfield code="a">López Bascón, María Asunción</subfield>
<subfield code="e">author</subfield>
</datafield>
<datafield tag="720" ind1=" " ind2=" ">
<subfield code="a">Pino García, Raquel del</subfield>
<subfield code="e">author</subfield>
</datafield>
<datafield tag="260" ind1=" " ind2=" ">
<subfield code="c">2023-10</subfield>
</datafield>
<datafield tag="520" ind1=" " ind2=" ">
<subfield code="a">A functional product obtained from beet molasses vinasse (V) was supplemented to hypertensive rats (SHR) to assess its preventive effects against high blood pressure and endothelial dysfunction. Fifteen potential bioactive compounds (including phenolic acids, flavonoids and terpenoids, and glycosylated compounds) were identified and quantified in V by HPLC-MS. The most notable finding of the study was that the blood pressure values remained similar to those at the beginning of the study in the SHR+V group. At the same time, they increased progressively in the SHR control group, reaching a significant difference of 16% (p &lt; 0.05) after 5 weeks of supplementation. Quantitative PCR and Western blot analyses of the aorta demonstrated that V ingestion by hypertensive rats led to decreased ACE mRNA levels and higher SOD2 and eNOS gene expression via promotion of Nrf2 transcriptional activity and down-regulation of the NF-κB pathway. These results are associated with an increased antioxidant, anti-inflammatory, and vasodilatory response. In conclusion, the intake of vinasse-derived products could mitigate hypertension and associated endothelial dysfunction.</subfield>
</datafield>
<datafield tag="024" ind2=" " ind1="8">
<subfield code="a">2673-9976</subfield>
</datafield>
<datafield tag="024" ind2=" " ind1="8">
<subfield code="a">http://hdl.handle.net/10259/10238</subfield>
</datafield>
<datafield tag="024" ind2=" " ind1="8">
<subfield code="a">10.3390/Foods2023-15018</subfield>
</datafield>
<datafield ind1=" " ind2=" " tag="653">
<subfield code="a">Hypertension</subfield>
</datafield>
<datafield ind1=" " ind2=" " tag="653">
<subfield code="a">Endothelial dysfunction</subfield>
</datafield>
<datafield ind1=" " ind2=" " tag="653">
<subfield code="a">Oxidative stress</subfield>
</datafield>
<datafield ind1=" " ind2=" " tag="653">
<subfield code="a">Condensed molasses solubles</subfield>
</datafield>
<datafield ind1=" " ind2=" " tag="653">
<subfield code="a">Functional foods</subfield>
</datafield>
<datafield ind1=" " ind2=" " tag="653">
<subfield code="a">Antioxidants</subfield>
</datafield>
<datafield ind1=" " ind2=" " tag="653">
<subfield code="a">Polyphenols</subfield>
</datafield>
<datafield ind1=" " ind2=" " tag="653">
<subfield code="a">Redox regulation</subfield>
</datafield>
<datafield tag="245" ind1="0" ind2="0">
<subfield code="a">Effects of a Functional Product Derived from Beet Molasses Vinasse on Blood Pressure and Endothelial Function in Hypertensive Rats</subfield>
</datafield>
</record></metadata></record></GetRecord></OAI-PMH>